Zdobywcy Kryształowej Kuli w skokach narciarskich - Statystyki

Ogólne statystyki
  • Ten quiz został rozwiązany 66 razy
  • Średni wynik to 25 z 45
Statystyki odpowiedzi
Rok Zdobywca % Poprawnych
2000/2001 Adam Małysz
98%
2001/2002 Adam Małysz
98%
2002/2003 Adam Małysz
98%
2006/2007 Adam Małysz
98%
2013/2014 Kamil Stoch
98%
2017/2018 Kamil Stoch
98%
2016/2017 Stefan Kraft
90%
2019/2020 Stefan Kraft
90%
2023/2024 Stefan Kraft
90%
2018/2019 Ryoyu Kobayashi
80%
2021/2022 Ryoyu Kobayashi
80%
2015/2016 Peter Prevc
77%
2020/2021 Halvor Egner Granerud
72%
2022/2023 Halvor Egner Granerud
72%
2003/2004 Janne Ahonen
70%
2004/2005 Janne Ahonen
70%
2008/2009 Gregor Schlierenzauer
65%
2012/2013 Gregor Schlierenzauer
65%
2007/2008 Thomas Morgenstern
63%
2010/2011 Thomas Morgenstern
63%
2014/2015 Severin Freund
58%
1998/1999 Martin Schmitt
57%
1999/2000 Martin Schmitt
57%
2005/2006 Jakub Janda
53%
2009/2010 Simon Ammann
52%
1982/1983 Matti Nykanen
50%
1984/1985 Matti Nykanen
50%
1985/1986 Matti Nykanen
50%
1987/1988 Matti Nykanen
50%
2011/2012 Anders Bardal
38%
1992/1993 Andreas Goldberger
38%
1994/1995 Andreas Goldberger
38%
1995/1996 Andreas Goldberger
38%
1996/1997 Primoz Peterka
33%
1997/1998 Primoz Peterka
33%
1979/1980 Hubert Neuper
23%
1988/1989 Jan Boklov
20%
1980/1981 Armin Kogler
18%
1981/1982 Armin Kogler
18%
1989/1990 Arri-Pekka Nikkola
18%
1991/1992 Toni Nieminen
17%
1990/1991 Andreas Felder
13%
1986/1987 Vegard Opaas
10%
1993/1994 Espen Bredsen
0%
1983/1984 Jens Weibflof
0%
Nie znaleziono quizów pasujących do podanych kryteriów
Rozkład punktacji
Procent ludzi z każdym wynikiem
Percentyl według liczby udzielonych odpowiedzi
Twoja historia wyników
Nie rozwiązałeś tego quizu